ბათუმის შოთა რუსთაველის სახელმწიფო უნივერსიტეტის ბიბლიოთეკა

Handbook of Laboratory and diagnostic Tesrs / (ბიბ.ჩანაწერი № 41160)

000 -LEADER
fixed length control field 00790nam a2200229Ia 4500
001 - CONTROL NUMBER
control field 7810
003 - CONTROL NUMBER IDENTIFIER
control field GE_BSU
005 - DATE AND TIME OF LATEST TRANSACTION
control field 20221114162736.0
008 - FIXED-LENGTH DATA ELEMENTS--GENERAL INFORMATION
fixed length control field 181216s2010||||en |||||||||||||| ||eng||
020 ## - INTERNATIONAL STANDARD BOOK NUMBER
International Standard Book Number 9780781799072x
040 ## - CATALOGING SOURCE
Transcribing agency GE_BSU
041 ## - LANGUAGE CODE
Language code of text/sound track or separate title eng
080 ## - UNIVERSAL DECIMAL CLASSIFICATION NUMBER
Universal Decimal Classification number 611.08 B-86
100 ## - MAIN ENTRY--PERSONAL NAME
Personal name Brunner & Suddarth's
9 (RLIN) 14807
245 ## - TITLE STATEMENT
Title Handbook of Laboratory and diagnostic Tesrs /
Statement of responsibility, etc. Brunner & Suddarth's
264 ## - PRODUCTION, PUBLICATION, DISTRIBUTION, MANUFACTURE, AND COPYRIGHT NOTICE
Place of production, publication, distribution, manufacture Philadelphia :
Name of producer, publisher, distributor, manufacturer Wolters Kluwer,
Date of production, publication, distribution, manufacture, or copyright notice 2010.
300 ## - PHYSICAL DESCRIPTION
Extent 57p.:
Other physical details Ill.
Dimensions 19 cm.
653 ## - INDEX TERM--UNCONTROLLED
keyword Handbook of Laboratory and diagnostic Tesrs
653 ## - INDEX TERM--UNCONTROLLED
keyword ლაბორატორიული და დიაგნოსტიკური ტესტების სახელმძღვანელო
653 ## - INDEX TERM--UNCONTROLLED
keyword მედიცინა
942 ## - ADDED ENTRY ELEMENTS (KOHA)
Koha item type წიგნი
Source of classification or shelving scheme
ეგზემპლარები
Withdrawn status Lost status Source of classification or shelving scheme Damaged status Not for loan Permanent Location Current Location Shelving location Date acquired Cost, normal purchase price Full call number Barcode Date last seen Copy number Price effective from Koha item type Public note
          ბათუმის შოთა რუსთაველის სახელმწიფო უნივერსიტეტის მთავარი ბიბლიოთეკა ბათუმის შოთა რუსთაველის სახელმწიფო უნივერსიტეტის მთავარი ბიბლიოთეკა წიგნსაცავი 2022-09-26 86.00 611.08 B-86 24177 2022-09-26 24177 2022-09-26 წიგნი 86 gel.